<?xml version="1.0" encoding="UTF-8"?>
<record
    xmlns:xsi="http://www.w3.org/2001/XMLSchema-instance"
    xsi:schemaLocation="http://www.loc.gov/MARC21/slim http://www.loc.gov/standards/marcxml/schema/MARC21slim.xsd"
    xmlns="http://www.loc.gov/MARC21/slim">

  <leader>00553nam a2200169Ia 4500</leader>
  <controlfield tag="008">230718s9999    xx            000 0 und d</controlfield>
  <datafield tag="020" ind1=" " ind2=" ">
    <subfield code="a">9780061669194</subfield>
  </datafield>
  <datafield tag="041" ind1=" " ind2=" ">
    <subfield code="a">eng</subfield>
  </datafield>
  <datafield tag="082" ind1=" " ind2=" ">
    <subfield code="a">658</subfield>
    <subfield code="b">RIE</subfield>
  </datafield>
  <datafield tag="100" ind1=" " ind2=" ">
    <subfield code="a"> Ries A.</subfield>
    <subfield code="9">111465</subfield>
  </datafield>
  <datafield tag="245" ind1=" " ind2=" ">
    <subfield code="a">War In Boardroom</subfield>
    <subfield code="b">Why Left -Brain Management And Right -Brain Marketing Don't See Eye - To - Eye - And  What To Do About It</subfield>
  </datafield>
  <datafield tag="260" ind1=" " ind2=" ">
    <subfield code="c">2009</subfield>
    <subfield code="b">Harper Collins</subfield>
  </datafield>
  <datafield tag="300" ind1=" " ind2=" ">
    <subfield code="a">272</subfield>
  </datafield>
  <datafield tag="365" ind1=" " ind2=" ">
    <subfield code="c">Rs.</subfield>
    <subfield code="b">1318.00</subfield>
  </datafield>
  <datafield tag="700" ind1=" " ind2=" ">
    <subfield code="a"> Ries A. &amp; Ries L.</subfield>
    <subfield code="9">191726</subfield>
  </datafield>
  <datafield tag="906" ind1=" " ind2=" ">
    <subfield code="d">O:0393312-Jun-2014B:561310-Apr-2014</subfield>
    <subfield code="c">GENRL</subfield>
    <subfield code="b">329.5</subfield>
  </datafield>
  <datafield tag="999" ind1=" " ind2=" ">
    <subfield code="c">336408</subfield>
    <subfield code="d">336408</subfield>
  </datafield>
  <datafield tag="952" ind1=" " ind2=" ">
    <subfield code="0">0</subfield>
    <subfield code="1">0</subfield>
    <subfield code="4">0</subfield>
    <subfield code="7">0</subfield>
    <subfield code="a">CCEP</subfield>
    <subfield code="b">CCEP</subfield>
    <subfield code="d">2014-06-12</subfield>
    <subfield code="e">Technical Book Services</subfield>
    <subfield code="f">GENRL</subfield>
    <subfield code="g">988.50</subfield>
    <subfield code="i">5613</subfield>
    <subfield code="l">0</subfield>
    <subfield code="o">658</subfield>
    <subfield code="p">CCEP-BK-47615</subfield>
    <subfield code="r">2023-07-18 00:00:00</subfield>
    <subfield code="t">329.5</subfield>
    <subfield code="v">1318.00</subfield>
    <subfield code="w">2014-04-10</subfield>
    <subfield code="y">BK</subfield>
    <subfield code="z">047615</subfield>
  </datafield>
</record>
